000 00338nam a2200121Ia 4500
008 220217s9999||||xx |||||||||||||| ||und||
082 _a001 GKP
100 _aG.K. publishers
245 0 _aGuide to general ability test for IES
260 _aG.K. publishers
_bUttarpradesh
_c2004
300 _b280
650 _aEXAM BOOKS/GRE/CAT/GATE
999 _c173144
_d173144